[Event "FRA T I 120102011"]
[Site "FRA"]
[Date "2010.11.14"]
[Round "3.6"]
[White "Vesin, Jean Robert"]
[Black "Montagard, Guillaume"]
[Result "1/2-1/2"]
[WhiteElo "2204"]
[BlackElo "2232"]
[PlyCount "101"]
[EventDate "2010.10.17"]
[EventType "team-match"]
[EventRounds "9"]
[EventCountry "FRA"]
[Source "FFE"]
[SourceDate "2010.10.29"]

1. e4 Nf6 2. e5 Nd5 3. d4 d6 4. Nf3 g6 5. Bc4 c6 6. h3 Bg7 7. O-O O-O 8. Re1
dxe5 9. dxe5 Be6 10. Nd4 Nd7 11. f4 Nxf4 12. Bxf4 Bxc4 13. b3 Be6 14. Nc3 Qc7
15. Qe2 b5 16. Rad1 Nb6 17. Bh2 b4 18. Ne4 c5 19. Nxe6 fxe6 20. Ng5 Qc6 21. Qe4
Rac8 22. Rd3 Qxe4 23. Nxe4 h6 24. c4 a5 25. g4 Rc7 26. Red1 Ra8 27. Kg2 a4 28.
R1d2 axb3 29. axb3 Kf7 30. Rf2+ Kg8 31. Rfd2 Kf7 32. Rf2+ Ke8 33. Nf6+ Bxf6 34.
exf6 Rd7 35. f7+ Kf8 36. Re3 Nc8 37. Rxe6 Nd6 38. Rxg6 Nxf7 39. Rxh6 Kg7 40.
Rh5 Ra3 41. Rxc5 Rxb3 42. Rcf5 e6 43. Rb5 Rb1 44. c5 Nd8 45. Be5+ Kh7 46. Rb6
Rc1 47. Bd6 Nb7 48. Rxb4 Nxc5 49. Bxc5 Rxc5 50. Re4 Rc6 51. Rf6 1/2-1/2

[Event "FRA T I 120102011"]
[Site "FRA"]
[Date "2010.12.11"]
[Round "4.5"]
[White "Benmesbah, Natacha"]
[Black "Milesi, Laurent"]
[Result "1/2-1/2"]
[WhiteElo "2165"]
[BlackElo "2158"]
[PlyCount "99"]
[EventDate "2010.10.17"]
[EventType "team-match"]
[EventRounds "9"]
[EventCountry "FRA"]
[Source "FFE"]
[SourceDate "2010.10.29"]

1. e4 b6 2. d4 Bb7 3. Bd3 e6 4. Nf3 c5 5. c3 Nf6 6. Nbd2 d5 7. Qe2 Be7 8. O-O
Nc6 9. e5 Nd7 10. Re1 g5 11. Rf1 g4 12. Ne1 h5 13. f4 cxd4 14. f5 Nc5 15. Nb3
dxc3 16. bxc3 Qc7 17. fxe6 fxe6 18. Bg6+ Kd7 19. Bf4 Rag8 20. Bc2 h4 21. Nd3
Ne4 22. Nf2 Nxf2 23. Rxf2 g3 24. Rff1 gxh2+ 25. Kxh2 Rg7 26. Nd4 Rhg8 27. Rf2
Nxd4 28. cxd4 Qc3 29. Ba4+ Kd8 30. Qb5 Ba3 31. Bg5+ Kc7 32. Rc2 Qxc2 33. Bxc2
Rxg5 34. Rg1 Bc6 35. Qd3 Be7 36. Qh7 R5g7 37. Qh6 Kd7 38. Qd2 Bg5 39. Qf2 Ke7
40. Bd1 Rf8 41. Bf3 Bf4+ 42. Kh1 Rg3 43. Qb2 Rf5 44. Qa3+ Ke8 45. Qxa7 Bd7 46.
Qb8+ Ke7 47. Qd6+ Ke8 48. Qb8+ Ke7 49. Qd6+ Ke8 50. Qb8+ 1/2-1/2

[Event "FRA T I 120102011"]
[Site "FRA"]
[Date "2010.11.13"]
[Round "2.7"]
[White "Sermier, Alain"]
[Black "Langevin, Philippe"]
[Result "1-0"]
[WhiteElo "2103"]
[BlackElo "2125"]
[PlyCount "99"]
[EventDate "2010.10.17"]
[EventType "team-match"]
[EventRounds "9"]
[EventCountry "FRA"]
[Source "FFE"]
[SourceDate "2010.10.29"]

1. d4 Nf6 2. c3 d5 3. Bf4 Nc6 4. Nf3 e6 5. e3 Bd6 6. Nbd2 Ne7 7. Bxd6 cxd6 8.
Bd3 Ng6 9. h4 Ne7 10. Qc2 Bd7 11. Rc1 Rc8 12. Qb1 Bc6 13. O-O Ng6 14. g3 e5 15.
e4 dxe4 16. Nxe4 Nxe4 17. Bxe4 Bxe4 18. Qxe4 d5 19. Qe3 O-O 20. dxe5 Re8 21.
Rfe1 Rc4 22. Qxa7 Qd7 23. Re3 Ra4 24. Qb6 Rxa2 25. Rce1 Qc6 26. Qb3 Ra6 27. Nd4
Rb6 28. Qa3 Qc4 29. b3 Qa6 30. Qxa6 bxa6 31. f4 Nf8 32. Ra1 Ne6 33. Ra5 Rd8 34.
Kf2 Nc7 35. g4 Ne6 36. Kf3 h6 37. f5 Nc7 38. b4 Nb5 39. Nxb5 axb5 40. Rd3 Rc8
41. Re3 g6 42. Rd3 gxf5 43. gxf5 Rc4 44. Rxd5 Rxc3+ 45. Kg4 Rbc6 46. Rd8+ Kh7
47. Raa8 h5+ 48. Kxh5 Rh6+ 49. Kg4 Rc4+ 50. Kf3 1-0

[Event "FRA T I 120102011"]
[Site "FRA"]
[Date "2010.11.14"]
[Round "3.7"]
[White "Verot, Melanie"]
[Black "Gingene, Eric"]
[Result "1-0"]
[WhiteElo "2124"]
[BlackElo "2097"]
[PlyCount "99"]
[EventDate "2010.10.17"]
[EventType "team-match"]
[EventRounds "9"]
[EventCountry "FRA"]
[Source "FFE"]
[SourceDate "2010.10.29"]

1. d4 d5 2. c4 Bf5 3. Nc3 e6 4. Nf3 Nf6 5. Bg5 c6 6. e3 Nbd7 7. Be2 Be7 8. O-O
O-O 9. Rc1 Ne8 10. Bf4 Bd6 11. Ne5 f6 12. Nxd7 Qxd7 13. cxd5 exd5 14. Bxd6 Nxd6
15. Qb3 Rae8 16. Rfd1 Bg6 17. Na4 f5 18. Nc5 Qe7 19. Bf3 Bf7 20. Nd3 g5 21. Ne5
Be6 22. Bh5 Rd8 23. Be2 f4 24. Bf3 Rf6 25. Qd3 Qg7 26. Qe2 Rdf8 27. exf4 gxf4
28. Bg4 f3 29. Bxf3 Bh3 30. g3 Rxf3 31. Nxf3 Bg4 32. Rd3 Qf6 33. Kg2 Qf5 34.
Qe3 Ne4 35. Rc2 Bh3+ 36. Kg1 Qh5 37. Ne5 Bf5 38. Qe2 Qh6 39. Rf3 Ng5 40. Rxf5
Rxf5 41. f4 Ne6 42. Qg4+ Ng7 43. Re2 Qf6 44. Kg2 Qd8 45. Nd3 Rf7 46. Nc5 h5 47.
Qg6 Rf6 48. Qg5 Kh7 49. Re5 Rf8 50. Re7 1-0

[Event "FRA T I 120102011"]
[Site "FRA"]
[Date "2010.12.11"]
[Round "4.2"]
[White "Marciano, David"]
[Black "Benitah, Yohan"]
[Result "1-0"]
[WhiteElo "2520"]
[BlackElo "2393"]
[PlyCount "97"]
[EventDate "2010.10.17"]
[EventType "team-match"]
[EventRounds "9"]
[EventCountry "FRA"]
[Source "FFE"]
[SourceDate "2010.10.29"]

1. e4 c5 2. Nf3 d6 3. Bb5+ Bd7 4. Bxd7+ Qxd7 5. c4 Nf6 6. Nc3 g6 7. O-O Bg7 8.
d4 cxd4 9. Nxd4 Nc6 10. Nde2 O-O 11. f3 Rfc8 12. Bg5 h6 13. Be3 Kh7 14. Qd2 Qd8
15. b3 Rab8 16. Rfd1 a6 17. a4 Nd7 18. Rab1 b6 19. f4 Na5 20. e5 Nc5 21. Qa2
Nd7 22. exd6 exd6 23. Bd4 Nf6 24. Nd5 Nxd5 25. cxd5 b5 26. Bxg7 Kxg7 27. Nd4 b4
28. f5 g5 29. Qe2 Rc5 30. Qxa6 Ra8 31. f6+ Kh8 32. Qf1 Rxd5 33. Nf5 Rxd1 34.
Rxd1 Qxf6 35. Rxd6 Qe5 36. Rxh6+ Kg8 37. Rh3 f6 38. Re3 Qc5 39. Qf2 Qc1+ 40.
Re1 Qf4 41. Qc5 Kh8 42. Rf1 Qe5 43. Qxb4 Rb8 44. Qg4 Rb7 45. b4 Nc6 46. b5 Nd8
47. Qd1 Ne6 48. Qh5+ Kg8 49. Qg6+ 1-0

[Event "FRA T I 120102011"]
[Site "FRA"]
[Date "2010.11.13"]
[Round "2.4"]
[White "Peray, Sebastien"]
[Black "Kurmann, Oliver"]
[Result "1/2-1/2"]
[WhiteElo "2235"]
[BlackElo "2455"]
[PlyCount "97"]
[EventDate "2010.10.17"]
[EventType "team-match"]
[EventRounds "9"]
[EventCountry "FRA"]
[Source "FFE"]
[SourceDate "2010.10.29"]

1. e4 d6 2. d4 Nf6 3. Nc3 Nbd7 4. Be3 e5 5. f3 c6 6. Qd2 b5 7. d5 cxd5 8. Nxd5
a6 9. a4 Rb8 10. axb5 axb5 11. Ra7 Nxd5 12. Qxd5 Be7 13. Bxb5 O-O 14. c4 Kh8
15. Ne2 f5 16. O-O Nf6 17. Qd3 fxe4 18. fxe4 Ng4 19. Raa1 Rxf1+ 20. Rxf1 Be6
21. Nc3 Qg8 22. Nd5 Bxd5 23. exd5 Nxe3 24. Qxe3 Bd8 25. Qf3 Bb6+ 26. Kh1 Bc5
27. Qf5 g6 28. Qf3 Qg7 29. g3 Kg8 30. Kg2 Rf8 31. Qxf8+ Qxf8 32. Rxf8+ Kxf8 33.
Kf3 Ke7 34. Ba4 Kf6 35. Bc2 h5 36. h3 Kg5 37. Bb1 Bb4 38. Be4 Bc5 39. Bb1 Bb4
40. Bd3 Bc5 41. Be2 Bb4 42. Ke4 Bc5 43. Bf3 Bb4 44. g4 hxg4 45. Bxg4 Bc5 46.
Bd7 Kf6 47. Be8 Bb4 48. Kd3 Bc5 49. Ke4 1/2-1/2

[Event "FRA T I 120102011"]
[Site "FRA"]
[Date "2010.11.14"]
[Round "3.5"]
[White "Peray, Sebastien"]
[Black "Poignot, Quentin"]
[Result "0-1"]
[WhiteElo "2235"]
[BlackElo "2117"]
[PlyCount "98"]
[EventDate "2010.10.17"]
[EventType "team-match"]
[EventRounds "9"]
[EventCountry "FRA"]
[Source "FFE"]
[SourceDate "2010.10.29"]

1. e4 c5 2. Nf3 d6 3. d4 cxd4 4. Nxd4 Nf6 5. Nc3 g6 6. Be3 Bg7 7. f3 O-O 8. Qd2
Nc6 9. O-O-O d5 10. exd5 Nxd5 11. Nxc6 bxc6 12. Bd4 e5 13. Bc5 Be6 14. Ne4 Re8
15. Ba3 Qb6 16. c4 Ne3 17. c5 Nxf1 18. cxb6 Nxd2 19. b7 Rab8 20. Rxd2 Bd5 21.
Kb1 Red8 22. Rhd1 Rxb7 23. Nc5 Rb5 24. Ne4 Rb7 25. Nc5 Rc7 26. Bb4 Re8 27. Ne4
f5 28. Nc3 Be6 29. Bd6 Rd7 30. Na4 Bd5 31. Bb4 e4 32. Nc5 Rdd8 33. fxe4 fxe4
34. Ba5 Rb8 35. Bc7 Rb5 36. Nb3 Bxb3 37. axb3 Rxb3 38. Ka2 Rb5 39. Re2 h6 40.
Rd6 Rb7 41. Rxc6 Rc8 42. Rec2 Kh7 43. b3 g5 44. R6c4 e3 45. Bg3 Rd8 46. Re2
Rd2+ 47. Rc2 Rbd7 48. Be1 Rxc2+ 49. Rxc2 Rd1 0-1

[Event "FRA T I 120102011"]
[Site "FRA"]
[Date "2010.12.11"]
[Round "4.6"]
[White "Duquesnoy, Jean Philippe"]
[Black "Vuitton, Gilles"]
[Result "1-0"]
[WhiteElo "2184"]
[BlackElo "2142"]
[PlyCount "95"]
[EventDate "2010.10.17"]
[EventType "team-match"]
[EventRounds "9"]
[EventCountry "FRA"]
[Source "FFE"]
[SourceDate "2010.10.29"]

1. d4 e6 2. c4 Nf6 3. g3 Bb4+ 4. Bd2 Qe7 5. Bg2 Nc6 6. a3 Bxd2+ 7. Qxd2 a5 8.
Nf3 O-O 9. O-O d6 10. Nc3 a4 11. Qc2 Bd7 12. Nxa4 Nxd4 13. Nxd4 Bxa4 14. b3 c5
15. Nxe6 Bxb3 16. Qxb3 fxe6 17. Qxb7 Qxb7 18. Bxb7 Ra4 19. Rfc1 Ng4 20. Bc6 Ra7
21. f3 Ne5 22. Bb5 g5 23. a4 Rc8 24. Rd1 Nf7 25. Kf2 Kf8 26. Rd2 Ke7 27. Rh1
Ne5 28. Rhd1 Nf7 29. Kg2 h6 30. h3 Rd8 31. Kf2 Ne5 32. f4 gxf4 33. gxf4 Ng6 34.
e3 Nh4 35. Rg1 Kf6 36. e4 d5 37. cxd5 exd5 38. Rxd5 Rxd5 39. exd5 Nf5 40. Rc1
Nd6 41. Bc6 c4 42. Kf3 Ra5 43. Ke3 Nf5+ 44. Kd2 Nd6 45. Kc3 Kf5 46. Kb4 Ra7 47.
Kc5 Ne4+ 48. Kb6 1-0

[Event "FRA T I 120102011"]
[Site "FRA"]
[Date "2010.11.13"]
[Round "2.6"]
[White "Gachet, Sebastien"]
[Black "Chebance, Benoit"]
[Result "1-0"]
[WhiteElo "2313"]
[BlackElo "2018"]
[PlyCount "93"]
[EventDate "2010.10.17"]
[EventType "team-match"]
[EventRounds "9"]
[EventCountry "FRA"]
[Source "FFE"]
[SourceDate "2010.10.29"]

1. e4 e5 2. Nf3 Nf6 3. d4 Nxe4 4. Bd3 d5 5. Nxe5 Nd7 6. O-O Nxe5 7. dxe5 Nc5 8.
Be2 Be6 9. Be3 g6 10. Nd2 d4 11. Bf4 Nd7 12. Ne4 c5 13. Bb5 Be7 14. Bh6 a6 15.
Bxd7+ Qxd7 16. Bg7 Rg8 17. Nf6+ Bxf6 18. Bxf6 Qd5 19. c3 d3 20. b3 Kd7 21. Qd2
Kc7 22. Rfd1 Rgd8 23. c4 Qd4 24. Bxd8+ Rxd8 25. Re1 Bg4 26. b4 Be2 27. bxc5
Qxc5 28. Rab1 b6 29. Rb2 Qa5 30. c5 Qxd2 31. cxb6+ Kb7 32. Rxd2 Rc8 33. f4 Rc2
34. Rxc2 dxc2 35. Rc1 Bd1 36. Kf2 Kxb6 37. Ke3 Kc6 38. Kd4 a5 39. a4 h5 40. g3
Kd7 41. Kd5 Bf3+ 42. Kc5 Bc6 43. Rxc2 Bxa4 44. Ra2 Bb3 45. Rxa5 Be6 46. Ra7+
Kc8 47. Kd6 1-0

[Event "FRA T I 120102011"]
[Site "FRA"]
[Date "2010.11.13"]
[Round "2.7"]
[White "Piquemal, Christiane"]
[Black "Boursier, Julien"]
[Result "1/2-1/2"]
[WhiteElo "2058"]
[BlackElo "2076"]
[PlyCount "93"]
[EventDate "2010.10.17"]
[EventType "team-match"]
[EventRounds "9"]
[EventCountry "FRA"]
[Source "FFE"]
[SourceDate "2010.10.29"]

1. d4 d5 2. c4 c6 3. cxd5 cxd5 4. Nc3 Nc6 5. Nf3 Nf6 6. Bf4 e6 7. e3 a6 8. Bd3
Bd6 9. Bxd6 Qxd6 10. Rc1 O-O 11. O-O e5 12. dxe5 Nxe5 13. Be2 Rd8 14. Qd4 Nc6
15. Qh4 Bf5 16. Rfd1 Qc7 17. Nd4 Bg6 18. Nxc6 bxc6 19. Qa4 Qb7 20. b4 Qb6 21.
Bf3 Rdb8 22. Ne2 Qxb4 23. Qxc6 Be4 24. Bxe4 dxe4 25. Ng3 Re8 26. Rd4 Qb2 27.
Qc2 Qb7 28. Rb1 Rac8 29. Qd1 Qc7 30. a4 h6 31. h3 a5 32. Rb5 Red8 33. Rxd8+
Rxd8 34. Qb1 Ra8 35. Rb7 Qc4 36. Qb3 Rc8 37. Qb5 Rc5 38. Rb8+ Kh7 39. Qb7 Rc7
40. Qb5 Rc5 41. Qb6 Rd5 42. Qb3 Qc1+ 43. Kh2 Qd2 44. Qb1 Qd3 45. Qb6 Qd2 46.
Qb1 Qd3 47. Qb6 1/2-1/2

[Event "FRA T I 120102011"]
[Site "FRA"]
[Date "2010.11.13"]
[Round "2.1"]
[White "Sermier, Guillaume"]
[Black "Degraeve, Jean Marc"]
[Result "1-0"]
[WhiteElo "2402"]
[BlackElo "2562"]
[PlyCount "93"]
[EventDate "2010.10.17"]
[EventType "team-match"]
[EventRounds "9"]
[EventCountry "FRA"]
[Source "FFE"]
[SourceDate "2010.10.29"]

1. Nf3 Nf6 2. c4 g6 3. Nc3 Bg7 4. e4 d6 5. d4 O-O 6. Be2 Bg4 7. Be3 Nfd7 8. h3
Bxf3 9. Bxf3 a6 10. Be2 c5 11. d5 Qa5 12. Qb3 e6 13. O-O Qc7 14. Rad1 Re8 15.
Qc2 exd5 16. Nxd5 Qd8 17. Nc3 Bf8 18. f4 Nc6 19. Bf3 Rc8 20. Qd2 Qa5 21. Bg4
Rcd8 22. Bxd7 Rxd7 23. e5 Rdd8 24. Ne4 Qxd2 25. Bxd2 Re6 26. Bc3 dxe5 27. Rxd8
Nxd8 28. fxe5 Nc6 29. Nf6+ Kg7 30. Rd1 h5 31. Nd7 Be7 32. Rd5 Nd4 33. Bxd4 cxd4
34. Rxd4 b5 35. c5 a5 36. a3 a4 37. Kf2 g5 38. Kf3 Rc6 39. Rd5 Rc7 40. Ke4 Kg6
41. Rd6+ f6 42. Kd5 Rc8 43. exf6 Bxd6 44. Kxd6 Kf7 45. c6 g4 46. hxg4 hxg4 47.
c7 1-0

[Event "FRA T I 120102011"]
[Site "FRA"]
[Date "2010.11.13"]
[Round "2.6"]
[White "Ribbegren, Karl Johan"]
[Black "Duquesnoy, Jean Philippe"]
[Result "0-1"]
[WhiteElo "2151"]
[BlackElo "2184"]
[PlyCount "92"]
[EventDate "2010.10.17"]
[EventType "team-match"]
[EventRounds "9"]
[EventCountry "FRA"]
[Source "FFE"]
[SourceDate "2010.10.29"]

1. g3 g6 2. Bg2 Bg7 3. d3 d6 4. e4 c5 5. f4 e6 6. Nf3 Ne7 7. O-O O-O 8. Nc3
Nbc6 9. Be3 Nd4 10. Rb1 Bd7 11. Ne2 Nxf3+ 12. Bxf3 Qc7 13. g4 f5 14. Ng3 Rae8
15. Qd2 b5 16. Kh1 Bc6 17. Qg2 b4 18. h4 fxg4 19. Bxg4 Nf5 20. Bd2 Nxh4 21. Qh3
Nf5 22. Kh2 h5 23. Bxf5 exf5 24. exf5 Rxf5 25. Rbe1 Rff8 26. f5 Rxe1 27. Bxe1
Be5 28. Qh4 Rxf5 29. Rxf5 gxf5 30. Qxh5 Qh7 31. Qxh7+ Kxh7 32. Kg1 Kg6 33. c3
a5 34. Ne2 Kg5 35. d4 Bf6 36. Bg3 Be7 37. dxc5 dxc5 38. Bc7 a4 39. Kf2 Bb5 40.
Nf4 a3 41. bxa3 bxc3 42. Nd5 c2 43. Bf4+ Kg4 44. Bc7 Bh4+ 45. Kg1 Bg5 46. Ne3+
Kf3 0-1

[Event "FRA T I 120102011"]
[Site "FRA"]
[Date "2010.11.14"]
[Round "3.1"]
[White "Bujisho, Benjamin"]
[Black "Apicella, Manuel"]
[Result "1/2-1/2"]
[WhiteElo "2380"]
[BlackElo "2531"]
[PlyCount "89"]
[EventDate "2010.10.17"]
[EventType "team-match"]
[EventRounds "9"]
[EventCountry "FRA"]
[Source "FFE"]
[SourceDate "2010.10.29"]

1. d4 e6 2. c4 Bb4+ 3. Bd2 Qe7 4. Nf3 Nf6 5. g3 O-O 6. Bg2 Bxd2+ 7. Nbxd2 d6 8.
e4 e5 9. d5 a5 10. O-O Bg4 11. h3 Bxf3 12. Qxf3 Na6 13. Qc3 Nc5 14. Rae1 c6 15.
f4 b5 16. fxe5 Qxe5 17. Qxe5 dxe5 18. cxb5 cxb5 19. Rf5 Nfd7 20. Bf1 Rab8 21.
Rf3 Rfc8 22. Rc1 b4 23. b3 Nf6 24. Re1 a4 25. Rfe3 Ne8 26. Nc4 f6 27. h4 Rc7
28. Rd1 Rd8 29. bxa4 Nxa4 30. Rb1 Rb7 31. a3 b3 32. Na5 Rb6 33. Rexb3 Rxb3 34.
Rxb3 Nd6 35. Nb7 Rb8 36. Rb4 Rxb7 37. Rxa4 Kf7 38. Bg2 Ke7 39. Rb4 Rc7 40. a4
Rc1+ 41. Kh2 Ra1 42. h5 h6 43. Kh3 Kd7 44. Bf3 Kc7 45. Kg2 1/2-1/2

[Event "FRA T I 120102011"]
[Site "FRA"]
[Date "2010.11.13"]
[Round "2.8"]
[White "Lebel Arias, Julia"]
[Black "Giry, Jean Marc"]
[Result "0-1"]
[WhiteElo "1936"]
[BlackElo "1987"]
[PlyCount "90"]
[EventDate "2010.10.17"]
[EventType "team-match"]
[EventRounds "9"]
[EventCountry "FRA"]
[Source "FFE"]
[SourceDate "2010.10.29"]

1. d4 d5 2. Bf4 Nf6 3. e3 c6 4. Bd3 a6 5. Nd2 b5 6. Bg3 Bg4 7. Ne2 Bh5 8. h3
Bg6 9. O-O e6 10. a4 Nbd7 11. axb5 Bxd3 12. cxd3 cxb5 13. Qb3 Qb6 14. Rfc1 Bd6
15. Rc2 Bxg3 16. Nxg3 O-O 17. Rac1 Qa5 18. Nf3 Rfd8 19. Rc6 h6 20. Qa3 Qxa3 21.
bxa3 Kf8 22. Ne5 Rdb8 23. f4 a5 24. f5 Nxe5 25. dxe5 Nd7 26. d4 Rb6 27. fxe6
fxe6 28. e4 b4 29. exd5 exd5 30. Rxb6 Nxb6 31. axb4 axb4 32. Rb1 Ra4 33. Nf5
Nc4 34. e6 g6 35. Nxh6 Ke7 36. Re1 Ra8 37. Rb1 Rb8 38. Rb3 Na5 39. Rb1 b3 40.
Nf7 Nc4 41. Ne5 Nxe5 42. dxe5 Kxe6 43. Rb2 Kxe5 44. Kf2 Kd4 45. Ke2 Kc3 0-1

[Event "FRA T I 120102011"]
[Site "FRA"]
[Date "2010.11.13"]
[Round "2.1"]
[White "Georgiev, Vladimir"]
[Black "Gaudineau, Eric"]
[Result "1-0"]
[WhiteElo "2582"]
[BlackElo "2330"]
[PlyCount "87"]
[EventDate "2010.10.17"]
[EventType "team-match"]
[EventRounds "9"]
[EventCountry "FRA"]
[Source "FFE"]
[SourceDate "2010.10.29"]

1. d4 Nf6 2. c4 e6 3. Nc3 Bb4 4. e3 b6 5. Bd3 Bb7 6. Nf3 Ne4 7. O-O Bxc3 8.
bxc3 O-O 9. Ba3 d6 10. c5 dxc5 11. dxc5 Nxc5 12. Bxc5 bxc5 13. Bxh7+ Kh8 14.
Bd3 Qf6 15. Rb1 Bxf3 16. Qxf3 Qxf3 17. gxf3 Nd7 18. Rb7 Rfc8 19. Rfb1 Nb6 20.
Rb5 Na4 21. Bc2 a6 22. Ra5 Nxc3 23. Rxc5 Nd5 24. Be4 Rab8 25. Bxd5 exd5 26.
Rxb8 Rxb8 27. Rxc7 Rb2 28. Rxf7 Rxa2 29. Rd7 Ra1+ 30. Kg2 Rd1 31. f4 a5 32.
Rd8+ Kh7 33. f5 d4 34. Kf3 Rd2 35. exd4 a4 36. Ke3 Rd1 37. Ra8 Re1+ 38. Kf4 Ra1
39. h4 a3 40. Ke5 a2 41. Kd5 Rh1 42. Rxa2 Rxh4 43. Ke5 Kg8 44. d5 1-0

[Event "FRA T I 120102011"]
[Site "FRA"]
[Date "2010.11.14"]
[Round "3.3"]
[White "Nanu, Ciprian Costica"]
[Black "Doncea, Vladimir"]
[Result "1-0"]
[WhiteElo "2521"]
[BlackElo "2405"]
[PlyCount "87"]
[EventDate "2010.10.17"]
[EventType "team-match"]
[EventRounds "9"]
[EventCountry "FRA"]
[Source "FFE"]
[SourceDate "2010.10.29"]

1. d4 Nf6 2. Nf3 g6 3. Bg5 Bg7 4. e3 d6 5. Be2 O-O 6. O-O b6 7. c4 Bb7 8. Nc3
c5 9. d5 h6 10. Bh4 a6 11. a4 g5 12. Bg3 Nh5 13. Qc2 Nxg3 14. hxg3 f5 15. Bd3
Bc8 16. Rae1 e5 17. dxe6 Bxe6 18. e4 f4 19. e5 Nc6 20. Be4 Nb4 21. Qe2 Ra7 22.
gxf4 Rxf4 23. exd6 Qxd6 24. Rd1 Qe7 25. Rfe1 Bf5 26. Bxf5 Qxe2 27. Rd8+ Kf7 28.
Rxe2 Rxf5 29. Ne4 Rf4 30. Nfd2 Nc6 31. Rd6 Rc7 32. Nc3 Bxc3 33. bxc3 Rf6 34.
Ne4 Rg6 35. Rxg6 Kxg6 36. Rb2 Ne5 37. Rxb6+ Kg7 38. Rxa6 Nxc4 39. Ng3 Rf7 40.
Rc6 Nb2 41. a5 Nd1 42. Ne4 Re7 43. f3 Rb7 44. Rb6 1-0

[Event "FRA T I 120102011"]
[Site "FRA"]
[Date "2010.11.14"]
[Round "3.2"]
[White "Flear, Glenn C"]
[Black "Lejeune, Jean Pierre"]
[Result "1/2-1/2"]
[WhiteElo "2495"]
[BlackElo "2320"]
[PlyCount "85"]
[EventDate "2010.10.17"]
[EventType "team-match"]
[EventRounds "9"]
[EventCountry "FRA"]
[Source "FFE"]
[SourceDate "2010.10.29"]

1. d4 Nf6 2. c4 e6 3. Nc3 Bb4 4. Qc2 d5 5. cxd5 exd5 6. Bg5 O-O 7. a3 Bxc3+ 8.
Qxc3 Nbd7 9. e3 Re8 10. Bd3 c6 11. Qc2 h6 12. Bh4 Qb6 13. Ne2 Ne4 14. f3 Ng5
15. Bf2 Nf6 16. h4 Ne6 17. O-O-O c5 18. Kb1 cxd4 19. exd4 Bd7 20. g4 Bb5 21.
Bxb5 Qxb5 22. Nc3 Qd7 23. Qf5 Rad8 24. Rhe1 Nc7 25. Rxe8+ Nfxe8 26. Qe5 Nf6 27.
Bg3 Nb5 28. Nxb5 Qxb5 29. Qf5 Qd7 30. Qxd7 Nxd7 31. Re1 Nf8 32. Re7 Rd7 33. Re8
f6 34. Kc2 Kf7 35. Ra8 a6 36. Kd3 Ne6 37. Rb8 Nd8 38. b3 Nc6 39. Rc8 Ke7 40. h5
Rd8 41. Rc7+ Rd7 42. Rc8 Rd8 43. Rc7+ 1/2-1/2

[Event "FRA T I 120102011"]
[Site "FRA"]
[Date "2010.11.14"]
[Round "3.7"]
[White "Forestier, Flavien"]
[Black "Renaze, Luc"]
[Result "0-1"]
[WhiteElo "2175"]
[BlackElo "2295"]
[PlyCount "86"]
[EventDate "2010.10.17"]
[EventType "team-match"]
[EventRounds "9"]
[EventCountry "FRA"]
[Source "FFE"]
[SourceDate "2010.10.29"]

1. d4 d5 2. c4 e6 3. Nf3 Nf6 4. Nc3 dxc4 5. e3 a6 6. Bxc4 c5 7. O-O b5 8. Be2
Bb7 9. dxc5 Bxc5 10. Qxd8+ Kxd8 11. a3 Nbd7 12. b4 Bd6 13. Bb2 Ke7 14. Nd2 Rac8
15. Rac1 Rhd8 16. Rfd1 g5 17. Bf3 Bxf3 18. Nxf3 g4 19. Nd2 Be5 20. Ba1 Nb6 21.
Nce4 Bxa1 22. Rxc8 Rxc8 23. Rxa1 Nxe4 24. Nxe4 Na4 25. Kf1 f5 26. Ng3 Rc2 27.
Ne2 e5 28. Ke1 Nb2 29. Kf1 Nd3 30. a4 bxa4 31. Rxa4 Rb2 32. Ng3 Rxf2+ 33. Kg1
f4 34. Nf5+ Kf6 35. e4 Re2 36. Rxa6+ Kg5 37. h4+ gxh3 38. gxh3 Rxe4 39. Nd6
Rxb4 40. Nf7+ Kh4 41. Kg2 Rb2+ 42. Kf3 Rf2+ 43. Ke4 Nc5+ 0-1

[Event "FRA T I 120102011"]
[Site "FRA"]
[Date "2010.11.14"]
[Round "3.8"]
[White "Giry, Jean Marc"]
[Black "Brih, Touatia"]
[Result "1-0"]
[WhiteElo "1987"]
[BlackElo "1956"]
[PlyCount "85"]
[EventDate "2010.10.17"]
[EventType "team-match"]
[EventRounds "9"]
[EventCountry "FRA"]
[Source "FFE"]
[SourceDate "2010.10.29"]

1. c4 e5 2. g3 Nf6 3. Bg2 d6 4. Nc3 Be7 5. e4 O-O 6. Nge2 Be6 7. d3 c6 8. O-O
Qd7 9. f4 Bh3 10. f5 Bxg2 11. Kxg2 d5 12. h3 Na6 13. g4 h6 14. Ng3 Rfd8 15. b3
dxe4 16. dxe4 Qxd1 17. Rxd1 Rxd1 18. Nxd1 Rd8 19. Nf2 Bc5 20. g5 hxg5 21. Bxg5
Nb4 22. Ng4 Rd6 23. Bxf6 gxf6 24. Nh5 Rd2+ 25. Kg3 Nxa2 26. Ngxf6+ Kh8 27. Ng4
Bd4 28. Rf1 Nc3 29. Nhf6 Ne2+ 30. Kh4 Nf4 31. Nd7 Rd3 32. Ngxe5 Ng2+ 33. Kg4
Rxb3 34. Rf3 Ne3+ 35. Kg5 Rb2 36. Nxf7+ Kg7 37. Nd6 Rg2+ 38. Kf4 Nc2 39. e5
Bxe5+ 40. Kxe5 Re2+ 41. Kf4 Nd4 42. Rg3+ Kh7 43. Nf6+ 1-0

[Event "FRA T I 120102011"]
[Site "FRA"]
[Date "2010.11.13"]
[Round "2.5"]
[White "Poignot, Quentin"]
[Black "Benmesbah, Natacha"]
[Result "0-1"]
[WhiteElo "2117"]
[BlackElo "2165"]
[PlyCount "86"]
[EventDate "2010.10.17"]
[EventType "team-match"]
[EventRounds "9"]
[EventCountry "FRA"]
[Source "FFE"]
[SourceDate "2010.10.29"]

1. e4 c5 2. Nf3 d6 3. d4 cxd4 4. Nxd4 Nf6 5. Nc3 g6 6. Be3 Bg7 7. f3 O-O 8. Qd2
Nc6 9. O-O-O d5 10. exd5 Nxd5 11. Nxc6 bxc6 12. Bd4 Bxd4 13. Qxd4 Qc7 14. h4 h5
15. Bc4 Qf4+ 16. Qxf4 Nxf4 17. g3 Ne6 18. Rhe1 Re8 19. Ne4 Kf8 20. Rd2 Ng7 21.
Ng5 e6 22. Red1 Nf5 23. Rg1 Ke7 24. Bb3 a5 25. Ba4 Bd7 26. Rgd1 Red8 27. Nxf7
Kxf7 28. Rxd7+ Rxd7 29. Rxd7+ Kf6 30. Bxc6 Rc8 31. Be4 Nxg3 32. Bd3 g5 33.
hxg5+ Kxg5 34. Rh7 Kf4 35. Bg6 Rc5 36. Rf7+ Ke3 37. Rf6 Ne2+ 38. Kd1 Nf4 39.
Be4 h4 40. Rh6 h3 41. Bb7 Rh5 42. Rxh5 Nxh5 43. f4 Ng3 0-1

[Event "FRA T I 120102011"]
[Site "FRA"]
[Date "2010.11.13"]
[Round "2.4"]
[White "Villegas, Pierre"]
[Black "Milesi, Laurent"]
[Result "1-0"]
[WhiteElo "2247"]
[BlackElo "2158"]
[PlyCount "85"]
[EventDate "2010.10.17"]
[EventType "team-match"]
[EventRounds "9"]
[EventCountry "FRA"]
[Source "FFE"]
[SourceDate "2010.10.29"]

1. d4 e6 2. c4 b6 3. e4 Bb7 4. f3 Bb4+ 5. Bd2 a5 6. Nc3 f5 7. exf5 Qh4+ 8. g3
Qxd4 9. fxe6 Nf6 10. Qe2 O-O 11. O-O-O Na6 12. Bg5 Bxc3 13. Rxd4 Bxd4 14. Bxf6
Bxf6 15. exd7 Nc5 16. Bh3 Bc6 17. Be6+ Kh8 18. Bd5 Bxd5 19. cxd5 Nxd7 20. Nh3
Nc5 21. Nf2 Na4 22. Nd1 Rad8 23. Qc4 Nc5 24. Re1 Rd7 25. Nc3 h6 26. Ne4 Nxe4
27. Qxe4 Rfd8 28. Rd1 Re7 29. Qc4 Rde8 30. Kc2 Bg5 31. f4 Bf6 32. Rd2 Kh7 33.
Qd3+ Kh8 34. Qc4 h5 35. b3 Kh7 36. h3 Re3 37. Rd3 Re2+ 38. Rd2 R8e3 39. Qxc7 b5
40. d6 b4 41. Qxa5 Kh6 42. d7 Rc3+ 43. Kd1 1-0

[Event "FRA T I 120102011"]
[Site "FRA"]
[Date "2010.11.14"]
[Round "3.8"]
[White "Colombi Gamrat, Marie Pierre"]
[Black "Forestier, Carole"]
[Result "0-1"]
[WhiteElo "1830"]
[BlackElo "2089"]
[PlyCount "84"]
[EventDate "2010.10.17"]
[EventType "team-match"]
[EventRounds "9"]
[EventCountry "FRA"]
[Source "FFE"]
[SourceDate "2010.10.29"]

1. d4 d5 2. Nf3 Nf6 3. g3 c6 4. Bg2 Bf5 5. O-O Nbd7 6. Nbd2 h6 7. c4 e6 8. Qb3
Qc7 9. Ne5 Nxe5 10. dxe5 Nd7 11. f4 Bc5+ 12. Kh1 a5 13. cxd5 cxd5 14. e4 a4 15.
Qd1 dxe4 16. Nxe4 O-O 17. Nd6 Bxd6 18. Qxd6 Qxd6 19. exd6 Nc5 20. Be3 Ne4 21.
g4 Bh7 22. Rad1 Rfd8 23. d7 Nf6 24. Bxb7 Rab8 25. Bc6 Rxb2 26. g5 Ng4 27. Bg1
Bc2 28. Ra1 hxg5 29. fxg5 Rxd7 30. h3 Ne5 31. Bg2 Bf5 32. Be3 Rd3 33. Bf4 Ng6
34. Bc1 Re2 35. Bf3 Rxf3 36. Rxf3 Be4 37. Ba3 Bxf3+ 38. Kg1 Nf4 39. h4 Nh3+ 40.
Kf1 Rh2 41. Bc5 Rh1+ 42. Bg1 Rxg1# 0-1